Migrant integration
Salvato in:
| Ente Autore: | |
|---|---|
| Natura: | Libro |
| Lingua: | inglese |
| Pubblicazione: |
Luxembourg
Publications Office of the European Union
2017
|
| Edizione: | 2017 ed. |
| Serie: | Statistical books
|
| Soggetti: | |
| Tags: |
Nessun Tag, puoi essere il primo ad aggiungerne!!
|
MARC
| LEADER | 00000nam a2200000 4500 | ||
|---|---|---|---|
| 001 | 0237048 | ||
| 005 | 20240314123156.2 | ||
| 020 | |a 978-92-79-69313-7 | ||
| 041 | 0 | |a eng | |
| 044 | |a LU | ||
| 245 | 1 | 0 | |a Migrant integration |
| 250 | |a 2017 ed. | ||
| 264 | 1 | |a Luxembourg |b Publications Office of the European Union |c 2017 | |
| 300 | |a 108 s. | ||
| 490 | 1 | |a Statistical books | |
| 830 | 0 | |a Statistical books | |
| 610 | 2 | 0 | |a migrácia |
| 610 | 2 | 0 | |a utečenci |
| 610 | 2 | 0 | |a integrácia sociálna |
| 610 | 2 | 0 | |a zamestnanosť |
| 610 | 2 | 0 | |a trh práce |
| 610 | 2 | 0 | |a podmienky pracovné |
| 610 | 2 | 0 | |a vzdelávanie |
| 610 | 2 | 0 | |a podmienky životné |
| 610 | 2 | 0 | |a bývanie |
| 610 | 2 | 0 | |a chudoba |
| 610 | 2 | 0 | |a štatistika |
| 710 | 2 | |a Eurostat | |